|
|
|
|
| LEADER |
00000nam0a2200000 4500 |
| 001 |
60559 |
| 005 |
20231101211904.0 |
| 035 |
|
|
|a (RuTPU)RU\TPU\book\64044
|
| 090 |
|
|
|a 60559
|
| 100 |
|
|
|a 20040211d1969 k y0rusy50 ca
|
| 101 |
1 |
|
|a rus
|c eng
|
| 102 |
|
|
|a RU
|
| 105 |
|
|
|a a z 001zy
|
| 200 |
1 |
|
|a Органическая химия титана
|e пер. с англ.
|f Р. Филд, П. Коув
|g Под ред. О. В. Ногиной
|
| 210 |
|
|
|a Москва
|c Мир
|d 1969
|
| 215 |
|
|
|a 263 с.
|c ил.
|
| 300 |
|
|
|a Доп. тит. лист
|
| 320 |
|
|
|a Библиогр.: с. 244-249.
|
| 320 |
|
|
|a Предметный указатель: с.250-261.
|
| 606 |
1 |
|
|a Титанорганические соединения
|x Химия
|2 stltpush
|3 (RuTPU)RU\TPU\subj\75941
|9 87457
|
| 610 |
1 |
|
|a органическая химия
|
| 610 |
1 |
|
|a производные
|
| 610 |
1 |
|
|a мономеры
|
| 610 |
1 |
|
|a полимеризация
|
| 610 |
1 |
|
|a катализаторы
|
| 610 |
1 |
|
|a титан
|
| 610 |
1 |
|
|a соединения
|
| 675 |
|
|
|a 547.1'18
|v 3
|
| 700 |
|
1 |
|a Филд
|b Р.
|
| 701 |
|
1 |
|a Коув
|b П.
|
| 702 |
|
1 |
|a Ногина
|b О. В.
|4 340
|
| 801 |
|
1 |
|a RU
|b 63413507
|c 20040211
|g PSBO
|
| 801 |
|
2 |
|a RU
|b 63413507
|c 20170123
|g PSBO
|
| 942 |
|
|
|c BK
|